Convención colectiva de trabajo /
Convención colectiva de trabajo entre Tica Frutera S.A., y los trabajadores de Guácimo y Pococí, Costa Rica 1976, disposiciones aceptadas por ambas partes en materia de: seguridad, permiso, salarios, condiciones de trabajo, y otros./ACM
Uloženo v:
| Korporace: | , |
|---|---|
| Médium: | Text |
| Vydáno: |
San José :
|
| Témata: | |
| Tagy: |
Přidat tag
Žádné tagy, Buďte první, kdo vytvoří štítek k tomuto záznamu!
|
MARC
| LEADER | 00000 a a2200000 04500 | ||
|---|---|---|---|
| 001 | 19929 | ||
| 003 | |||
| 040 | |||
| 090 | |a 081100 | ||
| 110 | |a Tica Frutera S.A., Costa Rica | ||
| 245 | |a Convención colectiva de trabajo / |c Tica Frutera S.A., Costa Rica | ||
| 260 | |a San José : | ||
| 300 | |a 23 p. | ||
| 520 | |a Convención colectiva de trabajo entre Tica Frutera S.A., y los trabajadores de Guácimo y Pococí, Costa Rica 1976, disposiciones aceptadas por ambas partes en materia de: seguridad, permiso, salarios, condiciones de trabajo, y otros./ACM | ||
| 650 | |a LEGISLACION DEL TRABAJO | ||
| 650 | |a CONVENIOS COLECTIVOS | ||
| 650 | |a TRABAJADORES AGRICOLAS | ||
| 650 | |a BANANOS | ||
| 710 | |a Sindicato de trabajadores agrícolas de Pococí y Guácimo, Costa Rica | ||
| 999 | |c 16835 |d 16835 | ||
